000 00281nam a22001337a 4500
008 190226b xxu||||| |||| 00| 0 eng d
020 _a52817729
041 _aeng
080 _a910
100 _a42
101 _aGJEO
245 _aClassroom Atlas
_cMcNally, R
942 _2udc
_cBK
999 _c54320
_d54320